Detalles MARC
| 000 -CABECERA |
| campo de control de longitud fija |
00798nam a2200193 a 4500 |
| 001 - NÚMERO DE CONTROL |
| campo de control |
000041779 |
| 005 - FECHA Y HORA DE LA ÚLTIMA TRANSACCIÓN |
| campo de control |
20201002035741.0 |
| 008 - DATOS DE LONGITUD FIJA--INFORMACIÓN GENERAL |
| campo de control de longitud fija |
131017s1998 sp ac 000 0 spa d |
| 020 ## - NÚMERO INTERNACIONAL ESTÁNDAR DEL LIBRO |
| Número Internacional Estándar del Libro |
8400077350 |
| 040 ## - FUENTE DE LA CATALOGACIÓN |
| Centro catalogador/agencia de origen |
DO-SdBNP |
| Lengua de catalogación |
spa |
| Centro/agencia transcriptor |
BNPHU |
| 100 1# - ENTRADA PRINCIPAL--NOMBRE DE PERSONA |
| Nombre de persona |
Cores Trasmonte, Baldomero |
| 9 (RLIN) |
68637 |
| 245 10 - MENCIÓN DE TÍTULO |
| Título |
Os Senadores Da Universidade de Santiago / |
| Mención de responsabilidad, etc. |
Baldomero Cores Trasmonte. |
| 260 ## - PUBLICACIÓN, DISTRIBUCIÓN, ETC. |
| Lugar de publicación, distribución, etc. |
Santiago de Compostela : |
| Nombre del editor, distribuidor, etc. |
Instituto Padre Sarmiento de Estudios Gallegos, |
| Fecha de publicación, distribución, etc. |
1998. |
| 300 ## - DESCRIPCIÓN FÍSICA |
| Extensión |
395 p., [10]p. de lám. : |
| Otras características físicas |
il., retrs. ; |
| Dimensiones |
24 cm. |
| 490 1# - MENCIÓN DE SERIE |
| Mención de serie |
Cuadernos de Estudios Gallegos. Anexo |
| Designación de volumen o secuencia |
26 |
| 504 ## - NOTA DE BIBLIOGRAFÍA, ETC. |
| Nota de bibliografía, etc. |
Incluye referencias bibliográficas y notas al pie de las páginas |
| 710 2# - PUNTO DE ACCESO ADICIONAL--NOMBRE DE ENTIDAD CORPORATIVA |
| Nombre de entidad corporativa o nombre de jurisdicción como elemento de entrada |
Instituto Padre Sarmiento de Estudios Gallegos |
| 9 (RLIN) |
68638 |
| 830 #0 - PUNTO DE ACCESO ADICIONAL DE SERIE-TÍTULO UNIFORME |
| Título uniforme |
Cuadernos de Estudios Gallegos. Anexo |
| Designación de volumen o secuencia |
26 |
| 9 (RLIN) |
67537 |